Logo BPK

Biblioteka

Politechniki Koszalińskiej

Stare i nowe obyczaje / (Rekord nr 2994)

Szczegóły MARC
000 -ETYKIETA REKORDU
podpole kontrolne o stałej długości 00344nam a2200145 i 4500
001 - NUMER KONTROLNY REKORDU
pole kontrolne bg
040 ## - ŹRÓDŁO KATALOGOWANIA
Instytucja, która utworzyła rekord BPK
041 ## - KOD JĘZYKA
Kod języka tekstu pol
008 - POLE O STAŁEJ DŁUGOŚCI - DANE KONTROLNE
podpole kontrolne o stałej długości s pl f |000 0 pol
100 1# - NAZWA OSOBOWA
Nazwa osobowa KRZYWOBŁOCKA, Bożena
245 #0 - TYTUŁ/ODPOWIEDZIALNOŚĆ
Tytuł Stare i nowe obyczaje /
Pozostałe elementy strefy tytułu i oznaczenia odpowiedzialności Bożena Krzywobłocka.
250 ## - STREFA WYDANIA
Oznaczenie wydania Wyd.2 uzup.
260 ## - STREFA ADRESU WYDAWNICZEGO
Miejsce wydania Warszawa,
Data publikacji, dystrybucji/powstania dokumentu 1986.
856 ## - LOKALIZACJA I DOSTĘP DO ELEKTRONICZNYCH DOKUMENTÓW ZDALNYCH
Link (URL) http://koha.tu.koszalin.pl/cgi-bin/koha/opac-detail.pl?biblionumber=2994
Tekst linku Katalog online BPK
942 ## - DODATKOWE ELEMENTY (KOHA)
Typ dokumentu Książka
Egzemplarze
Wycofany Status egzemplarza Uszkodzony Dostępność Lokalizacja stała Lokalizacja bieżąca Miejsce przechowywania Sygnatura Kod kreskowy Typ dokumentu
      Dostępny Biblioteka Politechniki Koszalińskiej Biblioteka Politechniki Koszalińskiej Wypożyczalnia BG P 35910 01533224 Książka
      Dostępny Biblioteka Politechniki Koszalińskiej Biblioteka Politechniki Koszalińskiej Wypożyczalnia BG P 35911 01995206 Książka
© 2023 Biblioteka Politechniki Koszalińskiej :: KOHA